Senarai item dan Pekeliling-pekeliling Kontrak Pusat, Kementerian Kewangan yang masih berkuatkuasa pada 1 Januari 1992
| Format: | Book |
|---|---|
| Subjects: |
MARC
| LEADER | 00000cam a2200000 7i4500 | ||
|---|---|---|---|
| 001 | 0000006756 | ||
| 005 | 20000211.0 | ||
| 040 | |a INS | ||
| 090 | 0 | 0 | |a C9 |
| 245 | 0 | 0 | |a Senarai item dan Pekeliling-pekeliling Kontrak Pusat, Kementerian Kewangan yang masih berkuatkuasa pada 1 Januari 1992 |
| 650 | 0 | 0 | |a Sistem Kerajaan - Pekeliling dan lain-lain |
| 999 | |a C000000019 |b BOOK |c Course Notes |e Default branch | ||